Statistics for Georgia Football History

Click here to take the quiz!

General Stats

  • This quiz has been taken 84 times
  • The average score is 6 of 15

Answer Stats

QuestionsAnswer% Correct
How many SEC championships have they won?3
91%
How many first overall picks has the school had in the NFL Draft?4 - Matthew Stafford, Frank Sinkwich, Charley Trippi, Harry Babcock
84%
What Georgia player was the 4th overall pick in 2011?AJ Green
78%
How many 5 stars did Georgia get in the 2018 recruiting class?7
70%
Who was Georgia playing against when Nick Chubb had his grusome knee injury?Tennessee
67%
Who was Georgia's starting quarterback in 2003?David Greene
39%
What Georgia player is the starting OLB for the Panthers?Thomas Davis Sr.
38%
Who was the first Georgia player to win the Heisman Trophy?Charley Trippi
34%
What was the score of Georgia's National Championship game in 1980?17-10
25%
Who is Georgia's all-time leading receiver in yards?Terrence Edwards
20%
When was Hairy Dawg first introduced?1981
17%
Who holds the Georgia record for most rushing yards in a game?Hershel Walker
16%
Who holds the record for the most passing yards in a game?Eric Zeier
14%
Who holds the record for the most reciving yards in a game?Tavarres King
13%
What current Georgia player is a starting o-linemen for the Bills?Cordy Glenn
11%

Score Distribution

Percentile by Number Answered

Percent of People with Each Score

Your Score History

You have not taken this quiz